Tierras del Ebro / (Record no. 27742)

MARC details
000 -LEADER
campo de control de longitud fija 00695nam a2200217 i 4500
001 - NÚMERO DE CONTROL
campo de control 27742
003 - IDENTIFICADOR DE NÚMERO DE CONTROL
campo de control ES-MaACL
005 - FECHA Y HORA DE LA ÚLTIMA TRANSACCIÓN
campo de control 20260201160542.0
007 - CAMPO FIJO DE DESCRIPCIÓN FÍSICA--INFORMACIÓN GENERAL
campo de control de longitud fija t|
008 - DATOS DE LONGITUD FIJA--INFORMACIÓN GENERAL
campo de control de longitud fija 030115s1956 sp ||||1| spa d
100 1# - ENTRADA PRINCIPAL--NOMBRE DE PERSONA
Nombre de persona Juan Arbó, Sebastián,
Fechas asociadas al nombre 1902-1984
9 (RLIN) 67101
245 10 - MENCIÓN DEL TÍTULO
Título Tierras del Ebro /
Mención de responsabilidad, etc. Sebastián Juan Arbó ; prólogo de Ignacio Agustí.
250 ## - MENCION DE EDICION
Mención de edición [6ª ed. y versión definitiva].
260 ## - PUBLICACIÓN, DISTRIBUCIÓN, ETC.
Lugar de publicación, distribución, etc. Barcelona :
Nombre del editor, distribuidor, etc. Noguer,
Fecha de publicación, distribución, etc. [1956] (
Fabricante Ariel)
300 ## - DESCRIPCIÓN FÍSICA
Extensión 313 p. ;
Dimensiones 20 cm.
490 1# - MENCIÓN DE SERIE
Mención de serie Galería literaria
700 1# - ENTRADA AGREGADA--NOMBRE PERSONAL
Nombre de persona Agustí, Ignacio,
Fechas asociadas al nombre 1913-1974
9 (RLIN) 18909
830 0# - PUNTO DE ACCESO ADICIONAL DE SERIE-TÍTULO UNIFORME
Título uniforme Galería literaria
9 (RLIN) 180522
852 ## - LOCALIZACIÓN
Ubicación ES-MaACL
Número de control de estantería C-11405
Sublocalización o colección R.39010
Holdings
Estatus retirado Estado de pérdida Estado de daño No para préstamo Biblioteca de origen Biblioteca actual Ubicación en estantería Fecha de adquisición Fuente de adquisición Total de préstamos Signatura topográfica completa Código de barras Visto por última vez Precio de reemplazo Tipo de ítem Koha
        Biblioteca del Ateneo de Madrid Biblioteca del Ateneo de Madrid Sala Palomar 17/01/2008     C-11405 1028648 23/02/2023 23/02/2023 Libro impreso